Najplodnejší slovenský spiovateľ v emigrácii

Podrobná bibliografia
Hlavný autor: Vnuk, František, 1926- (Autor)
Médium: Článok
Jazyk:slovenčina
Fyzický popis:Fotogr.
ISBN:8070907177
Predmet:

MARC

LEADER 00000nab a2200000 ar4500
001 vtls009141157
003 SK-MaSNL
005 20260303064104.0
008 070918c2003 xo |r|p|||||||000 b|slo
015 |a SNBRB2007/09  |2 snkbucl 
038 |a SNKBUCL 
040 |a SNKBUCL  |b slo  |c SNKBUCL  |e AACR2 
041 0 |a slo 
044 |a xo  |c SK 
080 |a 82:929:821.162.4  |2 1997 
080 |a 32-051  |2 1997 
080 |a 821.162.4  |2 1997 
100 1 |a Vnuk, František,  |d 1926-  |4 aut  |9 207426 
245 1 0 |a Najplodnejší slovenský spiovateľ v emigrácii  |c František Vnuk 
300 |b Fotogr. 
600 1 7 |a Čulen, Konštantín,  |d 1904-1964  |2 snkbucl  |9 88374 
773 0 |t Národný kalendár 2004  |d Martin : Matica slovenská, 2003  |g S. 147-149  |z 8070907177 
852 |a SNK  |b KIS3GCP 
958 |a BX 
958 |a SK 
999 |c 1745680  |d 1747610